Sanshiro Sugata (Record no. 143326)

MARC details
000 -LÍDER
campo de controle de tamanho fixo 00439 a2200169 4500
001 - NÚMERO DE CONTROLE
campo de controle 143326
040 ## - FONTE DA CATALOGAÇÃO
Instituição que transcreveu o registro Leonardo Da Vinci
041 ## - CÓDIGO DE IDIOMA
Código do idioma do texto/trilha sonora ou título diferente Português
082 ## - CDD - CLASSIFICAÇÃO DECIMAL DE DEWEY
Número de Classificação 895 T618s
Número do exemplar T618s
100 ## - ENTRADA PRINCIPAL--NOME PESSOAL
Nome pessoal TOMITA, Tsuneo
245 ## - TÍTULO
Título Sanshiro Sugata
260 ## - PUBLICAÇÃO, DISTRIBUIÇÃO, ETC.
Nome do editor, distribuidor, etc. Topan-Press
Data da publicação, distribuição, etc. 2007
Local de publicação, distribuição, etc. São Paulo
300 ## - DESCRIÇÃO FÍSICA
Extensão 639
362 ## - DATAS DE PUBLICAÇÃO E/OU DESIGNAÇÃO SEQUENCIAL
Datas de publicação e/ou designação sequencial 20070000
697 ## - ENTRADA DE ASSUNTO LOCAL--ENTIDADE COLETIVA (RLIN)
Nome corporativo ou nome da jurisdição Literatura
-- Povo japonês
-- Cultura japonesa
-- Costume oriental
-- Japão
-- Ficção
942 ## - ELEMENTOS DE ENTRADA ADICIONADOS (KOHA)
Tipo de material Koha Livros
Holdings
Situação do descarte Situação das perdas Situação física Não pode ser emprestado Biblioteca de origem Biblioteca atual Data de aquisição Total de empréstimos Número de chamada completo Código de barras Data de último acesso Data do preço efetivo Tipo de material Koha
        Leonardo Da Vinci - Osasco Leonardo Da Vinci - Osasco 27/03/2024   895 T618s O011030 27/03/2024 27/03/2024 Livros